000 00741nam a2200253 a 4500
008
020 _a5030013210 (cased)
049 _aMAIN
090 _aTK6563
_bBUG
100 1 _aBuga, N.
245 1 0 _aRadio reciever theory /
_cN. Buga, A. Falko and N. Chistyakov ; edited by N. Chistyakov.
250 _aRev. from the Russian ed.
260 _aMoscow :
_bMir Publishers,
_c1990.
300 _a374 p. :
_bill. ;
_c22 cm.
500 _aIncludes index.
650 1 _aRadio
_xReceivers and reception.
700 _aFalko, A.
700 _aChistyakov, N.
907 _a.b10113368
_b23-04-07
_c27-02-04
003
005 20230123133637.0
040 _cNUST
942 _cBOOKS
_kTK6563
_mBUG
999 _c152151
_d152151